| 000 | 00585nam a22001577a 4500 | ||
|---|---|---|---|
| 003 | AR-BeUNQ | ||
| 005 | 20250716165401.0 | ||
| 020 | 0 | 1 | _a9789874852038 |
| 100 | 0 | 1 | _aVerner, Marcelo Luis |
| 245 | 0 | 1 |
_aMalvinas, mi casa _bVísperas, Diario de María Sáez de Vernet y Apostillas |
| 250 | _a3a. | ||
| 260 |
_aLa Plata : _bEstructura mental a las Estrellas, _c2022 |
||
| 942 | _cLIB | ||
| 999 |
_c825 _d825 |
||